000 00793nam a22002175i 4500
001 98913
003 ES-MaACL
005 20250725062536.0
007 t|
008 940202s1867 sp ||||1| spa d
080 _a53
100 1 _aEchegaray, José,
_d1832-1916
_946526
245 1 0 _aTeorías modernas de la física, unidad de las fuerzas materiales :
_bcolección de artículos /
_cpor José Echegaray.
260 _aMadrid :
_b[s.n.],
_c1867 (
_fImp. de Francisco Roig)
300 _a136 p. ;
_c15 cm.
530 _aDisponible en formato digital.
650 7 _aFísica
_2embne
_912877
852 4 _aES-MaACL
_jT-110-F-2
_z- Dedicatoria autógrafa del autor
856 4 _uhttp://bdh-rd.bne.es/viewer.vm?id=0000171162&page=1
_zBiblioteca Digital Hispánica
999 _c98913
_d98913